zpět

Detail výsledku týmu

Hells Bells Beer Pub, Praha

Datum a čas kvízu

35 Celkem bodů Celkový počet nahraných bodů na tomto kvízu bez doplňovacích otázek.
10. Pořadí na kvízu Konečné umístění týmu na tomto kvízu.

Zaznamenané odpovědi

# Otázka Odpověď Body Výsledky
1. Z České strany sociálně demokr... Jaroslav Foldyna 1
2. V jednom z evropských států je... Lucembursko 1
3. V pátek byly v Paříži uděleny... Roman Polański 1
4. Britský maloobchodní řetězec T... mají různé odstíny podle barev pleti 1
5. V Anglii, Skotsku a Severním... hlavičkování 1
6. Peníze máme v ruce každý den,... Česká národní banka 1
7. Která z těchto osobností jako... A 0
8. Celkem kolikrát je na obou str... čtyřikrát 0
9. Kolik Kč činí nominální hodnot... 200 Kč 0
10. Které z mincí o hodnotě 1 až 5... všechny 0